La economía de los países socialistas /

Diagnóstico sobre la evolución y estado de las economías de los países socialistas, desde su origen teórico en las propuestas de Marx y Engels hasta la situación concreta de la Unión Soviética, China, Yugoslavia, Vietnam y Cuba.

Guardat en:
Dades bibliogràfiques
Autor principal: Aponte, Antonio (autor)
Altres autors: Dobb, Maurice (autor) (autor), Salvat, Manuel (dirección) (dirección), Marco, Joaquín (dirección editorial) (dirección editorial)
Format: Llibre
Idioma:espanyol
Publicat: Barcelona, España : Salvat, 1974, c1973
Col·lecció:(Biblioteca Salvat de Grandes Temas ; 31)
Matèries:
Etiquetes: Afegir etiqueta
Sense etiquetes, Sigues el primer a etiquetar aquest registre!

MARC

LEADER 00000nam^a2200000^a^4500
001 000151964
005 20250521000000.0
009 20260310100228.051
020 |a 84-345-7389-X 
020 |a 84-345-7358-X 
037 |a Acervo ITESO - Biblioteca 
041 |a ESP 
082 |a 086. 1  |b SAL V. 31 
100 |a Aponte, Antonio  |e (autor) 
240 1 1 |a [Biblioteca Salvat de grandes temas] 
245 1 3 |a La economía de los países socialistas /  |c A. Aponte, M. Dobb ; dir. de M. Salvat ; dir. editorial de J. Marco. 
264 4 |a Barcelona, España :  |b Salvat,  |c 1974, c1973 
300 |a 141 p. 
336 |a texto  |b txt  |2 rdacontenido 
337 |a sin mediación  |b n  |2 rdamedio 
338 |a volumen  |b nc  |2 rdasoporte 
440 1 |a (Biblioteca Salvat de Grandes Temas ;  |v 31) 
520 |a Diagnóstico sobre la evolución y estado de las economías de los países socialistas, desde su origen teórico en las propuestas de Marx y Engels hasta la situación concreta de la Unión Soviética, China, Yugoslavia, Vietnam y Cuba. 
649 |a XX 
650 |a Economistas Ingleses -  |x Entrevistas 
650 |a Marxismo -  |x Tema Principal 
650 |a Marxismo -  |x Teoría 
650 |a Socialismo -  |x Teoría 
650 |a Socialismo -  |x Historia -  |y Siglo XX 
650 |a Planeación Económica 
650 |a Centralización y Descentralización 
650 |a Economía de Estado -  |x Tema Principal 
650 |a Economía de Estado -  |x Teoría 
650 |a Economía de Estado -  |x Historia -  |y Siglo XX 
650 |a Economía -  |x Teoría 
650 |a Economía -  |z Rusia -  |x Historia -  |y Siglo XX 
650 |a Economía -  |z China -  |x Historia -  |y Período de la República Popular, 1949 en Adelante 
650 |a Economía -  |z Yugoslavia -  |x Historia -  |y 1945-1980 
650 |a Economía -  |z Cuba -  |x Historia -  |y 1959- 
650 |a Economía -  |z Vietnam (República Democrática) -  |x Historia -  |y 1946 
650 |a Economía -  |x Historia -  |y Siglo XX 
650 |a Marx, Karl 
650 |a Engels, Friedrich 
650 |a Dobb, Maurice 
700 |a Dobb, Maurice  |e (autor) 
700 |a Salvat, Manuel  |e (dirección) 
700 |a Marco, Joaquín  |e (dirección editorial) 
910 |a Fondo General 
920 |a Impresos - Libros 
930 |a Obras de Referencia 
905 |a 102 
901 |a 0500081750  |b IT2  |c REF  |u 20250521 
901 |a 0500081777  |b IT2  |c REF  |u 20250521 
902 |a https://opac.biblio.iteso.mx/vufind/Record/000151964